000 00544nam a22001697a 4500
005 20251108172305.0
008 250721s9999 xx 000 0 ara d
082 1 4 _a614.85/أمن
100 1 _aنصار، محمد
_eترجمة
245 1 0 _aالأمان الصناعي :
_bالوقاية من الحوادث الصناعية /
264 1 _aلابيزج :
_bدار النشر الشعبية،
_c[19-].
300 _a216ص
650 1 7 _aالأمن الصناعي
650 1 7 _aأصابات العمل
942 _2ddc
_cBK
999 _c75288
_d75288